[Event "Godesberger SK 1 - SVG Plettenberg 1"]
[Site "NRW-Klasse. Gruppe 2 2017/201"]
[Date "2018.02.18"]
[Round "6"]
[White "Wecker, Martin"]
[Black "Klip, Hans"]
[Result "0-1"]
[WhiteElo "2114"]
[BlackElo "2302"]
[PlyCount "52"]
[EventDate "2018.??.??"]
[WhiteTeam "Godesberger SK 1"]
[BlackTeam "SVG Plettenberg 1"]

1. d4 f5 2. Nc3 Nf6 3. Bg5 d5 4. f3 Nc6 5. Qd3 e6 6. a3 Be7 7. O-O-O O-O 8. Nh3
Rb8 9. e4 b5 10. e5 Nd7 11. Bxe7 Qxe7 12. Nxb5 Nb6 13. Nc3 Na5 14. Qb5 Nb7 15.
Qb4 c5 16. dxc5 Nxc5 17. Nf4 Bd7 18. Qd4 Rfc8 19. Nd3 Nca4 20. Nxa4 Bxa4 21.
Ne1 Nc4 22. Bxc4 Rxc4 23. Qe3 Qb7 24. b4 a5 25. Rd4 Qa7 26. c3 axb4 {(ZUe)} 0-1

[Event "Godesberger SK 1 - SVG Plettenberg 1"]
[Site "NRW-Klasse. Gruppe 2 2017/201"]
[Date "2018.02.18"]
[Round "6"]
[White "Schulze, Marc"]
[Black "Stenzel, Thomas"]
[Result "0-1"]
[WhiteElo "2154"]
[BlackElo "2085"]
[PlyCount "92"]
[EventDate "2018.??.??"]
[WhiteTeam "SVG Plettenberg 1"]
[BlackTeam "Godesberger SK 1"]

1. e4 e6 2. d4 d5 3. exd5 exd5 4. Bd3 Nc6 5. Ne2 Bd6 6. Nbc3 Nge7 7. Bg5 h6 8.
Bh4 Be6 9. Qd2 Qd7 10. O-O-O Nb4 11. Nf4 Nxd3+ 12. Nxd3 Nf5 13. Bg3 O-O 14.
Bxd6 Qxd6 15. Nf4 c6 16. h4 Ne7 17. f3 Rae8 18. g4 Bd7 19. g5 Bf5 20. Rdg1 Kh8
21. Nh5 Rg8 22. Nd1 Bg6 23. Nf4 h5 24. Nf2 Nf5 25. c3 Ne3 26. Nxg6+ Qxg6 27.
Re1 Nc4 28. Qd3 Qd6 29. g6 Qxg6 30. Qxg6 fxg6 31. Nd3 Rgf8 32. f4 Kg8 33. b3
Nd6 34. Ref1 Re2 35. Rhg1 Rxa2 36. Kb1 Rd2 37. Ne5 Ne4 38. Rxg6 Nxc3+ 39. Kc1
Rh2 40. f5 Na2+ 41. Kb1 Nc3+ 42. Kc1 Kh7 43. Nf3 Rxf5 44. Rg5 Rxg5 45. hxg5 Ra2
46. g6+ Kh6 0-1

[Event "Godesberger SK 1 - SVG Plettenberg 1"]
[Site "NRW-Klasse. Gruppe 2 2017/201"]
[Date "2018.02.18"]
[Round "6"]
[White "Jansen, Dirk Norbert"]
[Black "Kutzner, Stephen"]
[Result "0-1"]
[WhiteElo "2158"]
[BlackElo "2125"]
[PlyCount "104"]
[EventDate "2018.??.??"]
[WhiteTeam "SVG Plettenberg 1"]
[BlackTeam "Godesberger SK 1"]

1. e4 c5 2. Nf3 Nc6 3. d4 cxd4 4. Nxd4 Nf6 5. Nc3 e5 6. Ndb5 d6 7. Bg5 a6 8.
Na3 b5 9. Nd5 Be7 10. Bxf6 Bxf6 11. c4 b4 12. Nc2 O-O 13. g3 a5 14. h4 g6 15.
h5 Bg5 16. Bd3 Be6 17. Kf1 Ra7 18. Kg2 Bxd5 19. cxd5 Nb8 20. Qe2 Nd7 21. Ne3
Nc5 22. Bc2 f5 23. hxg6 hxg6 24. exf5 Bxe3 25. fxe3 gxf5 26. Rh6 Qg5 27. Rah1
Rg7 28. Rh8+ Kf7 29. Qh5+ Ke7 30. Qxg5+ Rxg5 31. R1h7+ Rf7 32. Kf2 e4 33. Rxf7+
Kxf7 34. Ra8 Rh5 35. Kg2 f4 36. gxf4 Rxd5 37. Bb3 Nxb3 38. axb3 Rd2+ 39. Kg3
Rxb2 40. Kg4 Kf6 41. Rxa5 Rxb3 42. Rb5 Rxe3 43. Rxb4 Re1 44. Kg3 d5 45. Rb8 d4
46. Rb6+ Ke7 47. Kf2 Re3 48. Rb4 Rd3 49. Ke2 Kf6 50. Rb5 Ra3 51. Rb4 Re3+ 52.
Kd2 Rd3+ 0-1

[Event "Godesberger SK 1 - SVG Plettenberg 1"]
[Site "NRW-Klasse. Gruppe 2 2017/201"]
[Date "2018.02.18"]
[Round "6"]
[White "Ivanov, Alexander"]
[Black "Bouaraba, Max"]
[Result "0-1"]
[WhiteElo "1971"]
[BlackElo "2126"]
[PlyCount "56"]
[EventDate "2018.??.??"]
[WhiteTeam "Godesberger SK 1"]
[BlackTeam "SVG Plettenberg 1"]

1. e4 Nf6 2. e5 Nd5 3. d4 d6 4. c4 Nb6 5. exd6 cxd6 6. Nc3 Bf5 7. Nf3 e6 8. Bd3
Bxd3 9. Qxd3 Nc6 10. O-O Be7 11. Bf4 O-O 12. Rfe1 Bf6 13. Ne4 d5 14. Nxf6+ Qxf6
15. cxd5 Nxd5 16. Be5 Qe7 17. a3 Rfd8 18. Qe4 Rd7 19. Qg4 Nxe5 20. dxe5 Rc8 21.
Rac1 Rdc7 22. Rxc7 Qxc7 23. h4 Qc2 24. Ng5 Rc4 25. Qh5 Rf4 26. Re2 Qd1+ 27. Kh2
h6 28. Nh3 Re4 0-1

[Event "SV Kamen 1 - LSV Turm Lippstadt 1"]
[Site "NRW-Klasse. Gruppe 2 2017/201"]
[Date "2018.03.11"]
[Round "7.1"]
[White "Wehmeier, Stefan"]
[Black "Weidemann, Christian"]
[Result "0-1"]
[WhiteElo "2345"]
[BlackElo "2278"]
[PlyCount "62"]
[EventDate "2018.??.??"]
[WhiteTeam "LSV Turm Lippstadt 1"]
[BlackTeam "SV Kamen 1"]

1. d4 Nf6 2. c4 c5 3. d5 e6 4. Nc3 exd5 5. cxd5 Bd6 6. e4 O-O 7. f4 Nxe4 8.
Nxe4 Re8 9. Qe2 Na6 10. Bd2 f5 11. Nxd6 Rxe2+ 12. Bxe2 Qf6 13. Nc4 b5 14. Bc3
Qh6 15. Ne3 Qxf4 16. Bd2 Bb7 17. O-O-O Re8 18. Nc4 Qb8 19. Na5 Bxd5 20. Bf3
Bxa2 21. Nh3 Qb6 22. Nf4 Nb4 23. Nb7 Bb3 24. Rde1 Rc8 25. Bc3 Qh6 26. g3 Nd3+
27. Kb1 Nxe1 28. Rxe1 b4 29. Bd5+ Bxd5 30. Nxd5 bxc3 31. Ne7+ Kf8 0-1

[Event "SV Kamen 1 - LSV Turm Lippstadt 1"]
[Site "NRW-Klasse. Gruppe 2 2017/201"]
[Date "2018.03.11"]
[Round "7.2"]
[White "Himmel, Hansjoerg"]
[Black "Wagner, Alexej"]
[Result "1-0"]
[WhiteElo "2205"]
[BlackElo "2231"]
[PlyCount "99"]
[EventDate "2018.??.??"]
[WhiteTeam "SV Kamen 1"]
[BlackTeam "LSV Turm Lippstadt 1"]

1. d4 d5 2. Bf4 Nf6 3. e3 c5 4. c3 Nc6 5. Nd2 e6 6. Ngf3 Bd6 7. Bg3 O-O 8. Bd3
b6 9. Ne5 Bb7 10. f4 Ne7 11. Qf3 Nf5 12. Bf2 Be7 13. Rd1 Qc7 14. O-O Nd6 15.
Bh4 Nfe4 16. Bxe7 Qxe7 17. Qh3 Rac8 18. Nef3 f6 19. Rfe1 Bc6 20. Nxe4 dxe4 21.
Bc2 Nc4 22. Bb3 Bd5 23. Bxc4 Bxc4 24. Nd2 Bd5 25. Nb3 c4 26. Nc1 f5 27. Qg3 a5
28. Qf2 b5 29. a3 Ra8 30. Na2 Kh8 31. h3 Rg8 32. Kh2 Qd6 33. Rg1 g5 34. g3 h6
35. Rg2 Ra7 36. Rdg1 Rag7 37. Kh1 Qb8 38. Kh2 Qe8 39. Nc1 Qh5 40. fxg5 hxg5 41.
g4 Qf7 42. gxf5 exf5 43. Ne2 Qc7+ 44. Nf4 g4 45. Qh4+ Rh7 46. Qf6+ Rgg7 47. Rg3
Qf7 48. Qd8+ Qg8 49. Qxa5 gxh3 50. Qxb5 1-0

[Event "SV Kamen 1 - LSV Turm Lippstadt 1"]
[Site "NRW-Klasse. Gruppe 2 2017/201"]
[Date "2018.03.11"]
[Round "7.3"]
[White "Kruse, Janik"]
[Black "Luetke, Jens"]
[Result "0-1"]
[WhiteElo "2095"]
[BlackElo "2173"]
[PlyCount "70"]
[EventDate "2018.??.??"]
[WhiteTeam "LSV Turm Lippstadt 1"]
[BlackTeam "SV Kamen 1"]

1. e4 e6 2. d4 d5 3. exd5 exd5 4. Be3 Bd6 5. Bd3 Nf6 6. Nc3 c6 7. h3 O-O 8. Qf3
Qb6 9. O-O-O a5 10. g4 a4 11. Nge2 Na6 12. g5 Ne8 13. Ng3 Nb4 14. Nh5 Nxd3+ 15.
Rxd3 Qc7 16. Rg1 b5 17. Bf4 Bxf4+ 18. Nxf4 b4 19. Ncxd5 cxd5 20. Nxd5 Qb7 21.
Re1 Nd6 22. Re7 Qb5 23. Nf6+ gxf6 24. Qxa8 Bf5 25. Qf3 Bxd3 26. cxd3 Qxg5+ 27.
Qe3 Qg1+ 28. Qe1 Rc8+ 29. Kd1 Qxe1+ 30. Kxe1 Rc2 31. Re2 Rxe2+ 32. Kxe2 Nb5 33.
Ke3 Kf8 34. Ke4 a3 35. bxa3 Nc3+ 0-1

[Event "SV Kamen 1 - LSV Turm Lippstadt 1"]
[Site "NRW-Klasse. Gruppe 2 2017/201"]
[Date "2018.03.11"]
[Round "7.4"]
[White "Kilian, Ralf"]
[Black "Grobbel, Rainer"]
[Result "0-1"]
[WhiteElo "2126"]
[BlackElo "2116"]
[PlyCount "44"]
[EventDate "2018.??.??"]
[WhiteTeam "SV Kamen 1"]
[BlackTeam "LSV Turm Lippstadt 1"]

1. e4 c5 2. Nf3 d6 3. d4 cxd4 4. Nxd4 Nf6 5. Nc3 g6 6. Be3 Bg7 7. f3 O-O 8. Qd2
Nc6 9. Bc4 Bd7 10. Bb3 Na5 11. h4 h5 12. Bh6 Rc8 13. Bxg7 Kxg7 14. Nd5 Nxd5 15.
exd5 e5 16. dxe6 Nxb3 17. axb3 fxe6 18. O-O-O e5 19. Ne2 Rc6 20. Kb1 Bf5 21.
Nc3 Qb6 22. Qg5 Rxc3 0-1

[Event "SV Kamen 1 - LSV Turm Lippstadt 1"]
[Site "NRW-Klasse. Gruppe 2 2017/201"]
[Date "2018.03.11"]
[Round "7.5"]
[White "Kuckling, Hannah"]
[Black "Georg, Felix"]
[Result "1/2-1/2"]
[WhiteElo "2082"]
[BlackElo "2009"]
[PlyCount "50"]
[EventDate "2018.??.??"]
[WhiteTeam "LSV Turm Lippstadt 1"]
[BlackTeam "SV Kamen 1"]

1. e4 Nc6 2. Nf3 e5 3. Bb5 Nge7 4. d3 g6 5. Be3 Bg7 6. Nc3 O-O 7. Qd2 d5 8.
exd5 Nxd5 9. Nxd5 Qxd5 10. Bc4 Qd6 11. Ng5 Nd4 12. Ne4 Qc6 13. O-O Be6 14. Bxe6
Nxe6 15. Bh6 Rad8 16. Bxg7 Kxg7 17. Rfe1 f6 18. Rad1 b6 19. h4 Nf4 20. g3 Ne6
21. c3 Qd7 22. Qe2 c5 23. f3 Qf7 24. Nf2 Rde8 25. Qd2 Rg8 1/2-1/2

[Event "SV Kamen 1 - LSV Turm Lippstadt 1"]
[Site "NRW-Klasse. Gruppe 2 2017/201"]
[Date "2018.03.11"]
[Round "7.6"]
[White "Kleinegger, Frank"]
[Black "Kettler, Ilija Jonas"]
[Result "1-0"]
[WhiteElo "2100"]
[BlackElo "2057"]
[PlyCount "45"]
[EventDate "2018.??.??"]
[WhiteTeam "SV Kamen 1"]
[BlackTeam "LSV Turm Lippstadt 1"]

1. d4 d5 2. Nf3 Nf6 3. c4 dxc4 4. e3 Bg4 5. Bxc4 e6 6. Nc3 Bd6 7. e4 Bxf3 8.
Qxf3 e5 9. dxe5 Bxe5 10. O-O O-O 11. Bg5 c6 12. Rad1 Nbd7 13. Bxf6 Bxf6 14. Qf5
Qb6 15. Rxd7 Qxb2 16. e5 Qxc3 17. exf6 Qxc4 18. Qg5 Qg4 19. Qxg4 g6 20. Qg5 Kh8
21. Qh6 Rg8 22. Rxf7 Raf8 23. Qxh7# 1-0

[Event "SV Kamen 1 - LSV Turm Lippstadt 1"]
[Site "NRW-Klasse. Gruppe 2 2017/201"]
[Date "2018.03.11"]
[Round "7.7"]
[White "Finke, Tobias"]
[Black "Seepe, Udo"]
[Result "1/2-1/2"]
[WhiteElo "1945"]
[BlackElo "2046"]
[PlyCount "24"]
[EventDate "2018.??.??"]
[WhiteTeam "LSV Turm Lippstadt 1"]
[BlackTeam "SV Kamen 1"]

1. Nf3 g6 2. c4 c5 3. e3 Nf6 4. b3 Bg7 5. Bb2 O-O 6. Be2 Nc6 7. O-O d5 8. cxd5
Nxd5 9. Bxg7 Kxg7 10. d4 cxd4 11. Nxd4 Ndb4 12. Nxc6 Nxc6 1/2-1/2

[Event "SV Kamen 1 - LSV Turm Lippstadt 1"]
[Site "NRW-Klasse. Gruppe 2 2017/201"]
[Date "2018.03.11"]
[Round "7.8"]
[White "Georg, Heinz"]
[Black "Riesner, Daniel"]
[Result "1-0"]
[WhiteElo "2084"]
[BlackElo "1921"]
[PlyCount "45"]
[EventDate "2018.??.??"]
[WhiteTeam "SV Kamen 1"]
[BlackTeam "LSV Turm Lippstadt 1"]

1. e4 e5 2. Nf3 Nc6 3. Nc3 Nf6 4. d4 exd4 5. Nd5 Be7 6. Nxd4 O-O 7. Nb5 Nxd5 8.
exd5 Ne5 9. Be2 d6 10. f4 Ng6 11. O-O c6 12. Nc3 Re8 13. Kh1 Bf6 14. Bf3 Nh4
15. Bd2 Nxf3 16. Qxf3 cxd5 17. Rae1 Bf5 18. Rxe8+ Qxe8 19. Nxd5 Bd8 20. Re1 Qc6
21. Nb4 Qd7 22. Qxb7 Rc8 23. Qxc8 1-0

[Event "SVG Plettenberg 1 - SG Bochum 2"]
[Site "NRW-Klasse. Gruppe 2 2017/201"]
[Date "2018.03.11"]
[Round "7.1"]
[White "Tkachuk, Konstantyn"]
[Black "Szabo, Gergely-Andras-Gyul"]
[Result "0-1"]
[WhiteElo "2249"]
[BlackElo "2597"]
[PlyCount "46"]
[EventDate "2018.??.??"]
[WhiteTeam "SG Bochum 2"]
[BlackTeam "SVG Plettenberg 1"]

1. e4 c5 2. c4 Nc6 3. Ne2 Nf6 4. Nbc3 e6 5. d4 d5 6. exd5 exd5 7. cxd5 Nxd5 8.
dxc5 Ndb4 9. Qxd8+ Nxd8 10. Nd4 Ndc6 11. Bb5 Bxc5 12. Nxc6 bxc6 13. Ba4 Ba6 14.
Ne4 Nd3+ 15. Kd2 O-O-O 16. Kc2 Nb4+ 17. Kb3 Rd3+ 18. Nc3 Rd4 19. Nd1 Bc4+ 20.
Kc3 Nd5+ 21. Kc2 Bd3+ 22. Kb3 Rb4+ 23. Ka3 Nb6 0-1

[Event "SVG Plettenberg 1 - SG Bochum 2"]
[Site "NRW-Klasse. Gruppe 2 2017/201"]
[Date "2018.03.11"]
[Round "7.3"]
[White "Koellner, Ruben Gideon"]
[Black "Bosch, Jeroen"]
[Result "0-1"]
[WhiteElo "2154"]
[BlackElo "2409"]
[PlyCount "90"]
[EventDate "2018.??.??"]
[WhiteTeam "SG Bochum 2"]
[BlackTeam "SVG Plettenberg 1"]

1. d4 d6 2. Nf3 Nf6 3. Nbd2 g6 4. e4 Bg7 5. Bc4 O-O 6. O-O c6 7. a4 d5 8. Bd3
dxe4 9. Nxe4 Nxe4 10. Bxe4 Nd7 11. c3 a5 12. Re1 Nf6 13. Bc2 Bg4 14. h3 Bxf3
15. Qxf3 Nd5 16. Bf4 Qb6 17. Rab1 Nxf4 18. Qxf4 Rfe8 19. b3 c5 20. dxc5 Qxc5
21. c4 Rad8 22. Rbd1 b6 23. Qf3 Bd4 24. Be4 Rd6 25. Qe2 Red8 26. Bf3 Kg7 27.
Rf1 Re6 28. Qc2 Rdd6 29. Rd2 Rf6 30. Bd5 e6 31. Be4 h5 32. g3 h4 33. Kg2 hxg3
34. f3 Qg5 35. Qd1 e5 36. Bd5 Rf4 37. Re2 Rh4 38. Rh1 Rd8 39. Qe1 Rdh8 40. Qxg3
Qh6 41. Re4 Qd2+ 42. Kf1 Rxh3 43. Rxh3 Rxh3 44. Rxd4 Rh1+ 45. Qg1 Rxg1+ 0-1

[Event "SVG Plettenberg 1 - SG Bochum 2"]
[Site "NRW-Klasse. Gruppe 2 2017/201"]
[Date "2018.03.11"]
[Round "7.4"]
[White "Klip, Hans"]
[Black "Rempe, Moritz"]
[Result "1-0"]
[WhiteElo "2302"]
[BlackElo "1998"]
[PlyCount "57"]
[EventDate "2018.??.??"]
[WhiteTeam "SVG Plettenberg 1"]
[BlackTeam "SG Bochum 2"]

1. f4 d5 2. Nf3 c5 3. g3 Nf6 4. Bg2 e6 5. O-O b5 6. e3 Bb7 7. Qe1 Qb6 8. Kh1
Nbd7 9. Nc3 b4 10. Nd1 Be7 11. Nf2 Ne4 12. d3 Nxf2+ 13. Qxf2 f5 14. Bd2 a5 15.
Rae1 Bf6 16. Bc1 O-O 17. h3 Rac8 18. g4 g6 19. Qg3 c4 20. h4 Kh8 21. h5 cxd3
22. hxg6 fxg4 23. Qh2 Bh4 24. Qxh4 Nf6 25. Ne5 Qc7 26. cxd3 Ba6 27. b3 h5 28.
Bb2 Kg7 29. Nxg4 1-0

[Event "SVG Plettenberg 1 - SG Bochum 2"]
[Site "NRW-Klasse. Gruppe 2 2017/201"]
[Date "2018.03.11"]
[Round "7.5"]
[White "Tkachuk, Sergij"]
[Black "Sebe, Florian"]
[Result "1-0"]
[WhiteElo "2138"]
[BlackElo "2321"]
[PlyCount "73"]
[EventDate "2018.??.??"]
[WhiteTeam "SG Bochum 2"]
[BlackTeam "SVG Plettenberg 1"]

1. e4 c6 2. d4 d5 3. e5 Bf5 4. g4 Bd7 5. c4 e6 6. Nc3 Ne7 7. Be3 dxc4 8. Bxc4
Nd5 9. Nge2 Na6 10. Ng3 b5 11. Bb3 Bb4 12. Rc1 O-O 13. O-O Nxc3 14. bxc3 Ba3
15. Rb1 c5 16. Ne4 c4 17. Bc2 Bc6 18. g5 g6 19. Nf6+ Kg7 20. Qg4 Rh8 21. h4 Nc7
22. h5 Nd5 23. h6+ Kf8 24. Bd2 a5 25. f3 Be7 26. Nxd5 Qxd5 27. Be4 Qd7 28. Rxb5
Bxb5 29. Bxa8 Bc6 30. Bxc6 Qxc6 31. Rb1 Bd8 32. Qe4 Qxe4 33. fxe4 Ke8 34. Rb7
Rf8 35. d5 a4 36. d6 Ba5 37. Kf2 1-0

[Event "SVG Plettenberg 1 - SG Bochum 2"]
[Site "NRW-Klasse. Gruppe 2 2017/201"]
[Date "2018.03.11"]
[Round "7.7"]
[White "Wuebker, Paul-Luca"]
[Black "Winterkamp, Sascha"]
[Result "0-1"]
[WhiteElo "2047"]
[BlackElo "1950"]
[PlyCount "80"]
[EventDate "2018.??.??"]
[WhiteTeam "SG Bochum 2"]
[BlackTeam "SVG Plettenberg 1"]

1. d4 Nf6 2. c4 c5 3. d5 e6 4. Nc3 exd5 5. cxd5 Bd6 6. e4 O-O 7. Bd3 Re8 8.
Nge2 a6 9. a4 Bc7 10. O-O h6 11. b3 d6 12. Bb2 Nbd7 13. f4 Ng4 14. Rf3 c4 15.
bxc4 Bb6+ 16. Kh1 Qh4 17. h3 Nf2+ 18. Rxf2 Bxf2 19. Qf1 Nc5 20. Bc2 Bg4 21. g3
Qxh3+ 22. Qxh3 Bxh3 23. e5 dxe5 24. fxe5 Rxe5 25. Nf4 Bg4 26. Nce2 Rxe2 27.
Nxe2 Bxe2 28. Kg2 Bd3 29. Bd1 Be3 30. Kf3 Re8 31. Ra3 Bg5 32. Bd4 Be4+ 33. Ke2
Bc2+ 34. Kf1 Bxd1 35. Bxc5 Be2+ 36. Kf2 Bxc4 37. d6 Re2+ 38. Kf3 Rd2 39. Bb4
Bd5+ 40. Kg4 Rd4+ 0-1

[Event "SVG Plettenberg 1 - SG Bochum 2"]
[Site "NRW-Klasse. Gruppe 2 2017/201"]
[Date "2018.03.11"]
[Round "7.8"]
[White "Kuhnen, Thomas"]
[Black "Biermann, Florian"]
[Result "0-1"]
[WhiteElo "2012"]
[BlackElo "2025"]
[PlyCount "46"]
[EventDate "2018.??.??"]
[WhiteTeam "SVG Plettenberg 1"]
[BlackTeam "SG Bochum 2"]

1. e4 c5 2. Nc3 g6 3. f4 Bg7 4. Nf3 Nc6 5. Bb5 Nd4 6. Bd3 d6 7. Nxd4 cxd4 8.
Ne2 Nf6 9. O-O Nd7 10. Bc4 Nc5 11. d3 Be6 12. Bb5+ Bd7 13. Bxd7+ Nxd7 14. f5
Rc8 15. Bg5 h6 16. fxg6 hxg5 17. Rxf7 Bf6 18. Rh7 Rg8 19. Ng3 Nf8 20. Qh5 Kd7
21. Rh6 Qe8 22. e5 Bxe5 23. g7 Bxg7 0-1

[Event "SG Ennepe-Ruhr-Süd 1 - Godesberger SK 1"]
[Site "NRW-Klasse. Gruppe 2 2017/201"]
[Date "2018.03.11"]
[Round "7.1"]
[White "Seger, Ruediger"]
[Black "Lupor, Stefan"]
[Result "1/2-1/2"]
[WhiteElo "2300"]
[BlackElo "2256"]
[PlyCount "49"]
[EventDate "2018.??.??"]
[WhiteTeam "Godesberger SK 1"]
[BlackTeam "SG Ennepe-Ruhr-Süd 1"]

1. e4 e6 2. d4 d5 3. Nd2 c5 4. exd5 Qxd5 5. Ngf3 cxd4 6. Bc4 Qd6 7. Qe2 Nf6 8.
Nb3 Nc6 9. Bg5 a6 10. O-O-O b5 11. Bd3 Be7 12. Kb1 Bb7 13. Nbxd4 Nxd4 14. Nxd4
O-O 15. Rhe1 Qxd4 16. Bxh7+ Nxh7 17. Rxd4 Bxg5 18. f4 Bd8 19. g4 Bb6 20. Rd7
Bd5 21. g5 Rfd8 22. Rxd8+ Rxd8 23. Rd1 Nf8 24. b3 Ng6 25. Qf1 1/2-1/2

[Event "SG Ennepe-Ruhr-Süd 1 - Godesberger SK 1"]
[Site "NRW-Klasse. Gruppe 2 2017/201"]
[Date "2018.03.11"]
[Round "7.2"]
[White "Arndt, Stefan"]
[Black "Koehler, Christian Friedrich"]
[Result "1/2-1/2"]
[WhiteElo "2143"]
[BlackElo "2236"]
[PlyCount "104"]
[EventDate "2018.??.??"]
[WhiteTeam "SG Ennepe-Ruhr-Süd 1"]
[BlackTeam "Godesberger SK 1"]

1. e4 Nf6 2. e5 Nd5 3. d4 d6 4. Bc4 e6 5. Nf3 c5 6. exd6 Bxd6 7. Bxd5 exd5 8.
dxc5 Bxc5 9. Nc3 d4 10. Ne4 Bb4+ 11. Bd2 Be7 12. O-O Nc6 13. Bg5 f6 14. Bf4 O-O
15. Ng3 Qd5 16. Qd3 Bg4 17. c4 Qd7 18. a3 g5 19. Bd2 a5 20. h3 Be6 21. Rfe1 Bc5
22. Ne4 b6 23. b3 Bf5 24. Qe2 Kh8 25. g4 Bg6 26. Nxc5 bxc5 27. Qe6 Qxe6 28.
Rxe6 Nd8 29. Rb6 Be4 30. Ne1 Rf7 31. f3 Bg6 32. f4 gxf4 33. Bxf4 Rb7 34. Rxf6
Rxb3 35. h4 Bf7 36. Be5 Kg8 37. Nf3 Bxc4 38. Nd2 Bd5 39. Nxb3 Bxb3 40. Bd6 Nb7
41. Raf1 Nxd6 42. Rxd6 Re8 43. Rc1 Re5 44. Kf2 Kf7 45. Re1 Ke7 46. Rb6 Rxe1 47.
Kxe1 c4 48. Kd2 a4 49. Rh6 c3+ 50. Kd3 Bc4+ 51. Kc2 Bb3+ 52. Kd3 Bc4+ 1/2-1/2

[Event "SG Ennepe-Ruhr-Süd 1 - Godesberger SK 1"]
[Site "NRW-Klasse. Gruppe 2 2017/201"]
[Date "2018.03.11"]
[Round "7.3"]
[White "Wecker, Martin"]
[Black "Tripolsky, Eugen"]
[Result "0-1"]
[WhiteElo "2114"]
[BlackElo "2205"]
[PlyCount "66"]
[EventDate "2018.??.??"]
[WhiteTeam "Godesberger SK 1"]
[BlackTeam "SG Ennepe-Ruhr-Süd 1"]

1. Nf3 g6 2. c4 Bg7 3. d4 d6 4. Nc3 Nf6 5. g3 O-O 6. Bg2 Nc6 7. O-O a6 8. b3
Rb8 9. Nd5 Nh5 10. Bb2 e6 11. Ne3 f5 12. Qc1 f4 13. Nd1 e5 14. dxe5 dxe5 15.
Nc3 Bg4 16. Ne4 a5 17. c5 Qe7 18. Qc4+ Be6 19. Qb5 h6 20. Rad1 g5 21. Rd2 Bf5
22. Qc4+ Qf7 23. Qxf7+ Rxf7 24. Ne1 g4 25. Nc3 Nf6 26. Nd3 f3 27. exf3 Rd7 28.
Rfd1 Rbd8 29. Bf1 Nb4 30. Ne4 Nxe4 31. fxe4 Bxe4 32. Nxb4 Rxd2 33. Rxd2 Rxd2
0-1

[Event "SG Ennepe-Ruhr-Süd 1 - Godesberger SK 1"]
[Site "NRW-Klasse. Gruppe 2 2017/201"]
[Date "2018.03.11"]
[Round "7.4"]
[White "Osswald, Luis Monty"]
[Black "Schulte-Geers, Niklas"]
[Result "0-1"]
[WhiteElo "2096"]
[BlackElo "2054"]
[PlyCount "68"]
[EventDate "2018.??.??"]
[WhiteTeam "SG Ennepe-Ruhr-Süd 1"]
[BlackTeam "Godesberger SK 1"]

1. e4 c6 2. Nc3 d5 3. Nf3 Bg4 4. h3 Bxf3 5. Qxf3 e6 6. d3 Nf6 7. g3 Nbd7 8. Bg2
d4 9. Nb1 Bb4+ 10. Bd2 Qb6 11. c3 Ne5 12. Qe2 Bxc3 13. Bxc3 dxc3 14. bxc3 Qb2
15. d4 Qxa1 16. O-O Nd3 17. Qxd3 Qxa2 18. d5 O-O 19. c4 cxd5 20. cxd5 exd5 21.
exd5 Rfd8 22. Rd1 Rd7 23. Nc3 Qa3 24. Qd4 Rad8 25. h4 Qa5 26. g4 b5 27. g5 b4
28. gxf6 bxc3 29. Qg4 g6 30. Qf4 Rd6 31. Qe5 c2 32. Rc1 Qd2 33. Qb2 Rc8 34. Bh3
Rb6 0-1

[Event "SG Ennepe-Ruhr-Süd 1 - Godesberger SK 1"]
[Site "NRW-Klasse. Gruppe 2 2017/201"]
[Date "2018.03.11"]
[Round "7.5"]
[White "Kutzner, Stephen"]
[Black "Heller, Achim"]
[Result "1-0"]
[WhiteElo "2126"]
[BlackElo "2104"]
[PlyCount "133"]
[EventDate "2018.??.??"]
[WhiteTeam "Godesberger SK 1"]
[BlackTeam "SG Ennepe-Ruhr-Süd 1"]

1. d4 d5 2. c4 c6 3. Nf3 Nf6 4. Nc3 dxc4 5. a4 Bf5 6. e3 e6 7. Bxc4 Bb4 8. O-O
Nbd7 9. Qe2 Bg6 10. e4 Bxc3 11. bxc3 Nxe4 12. Ba3 Qc7 13. Nd2 Nd6 14. Bxe6 O-O
15. Ba2 Rfe8 16. Qf3 Nf6 17. Qg3 Rad8 18. Rfe1 Rxe1+ 19. Rxe1 Qd7 20. Bxd6 Qxd6
21. Nc4 Qxg3 22. hxg3 Nd5 23. Rc1 Bf5 24. Ne3 Nxe3 25. fxe3 Bd3 26. Rd1 Bc2 27.
Rf1 Rd7 28. a5 Kf8 29. Kf2 f6 30. Kf3 Bd3 31. Rd1 Bg6 32. e4 f5 33. exf5 Bxf5
34. Kf4 Bg6 35. Re1 Bf7 36. Bb1 Rd5 37. Re5 h6 38. Be4 Rd6 39. Bf5 Rf6 40. Ke3
Bd5 41. Be4 Bxe4 42. Kxe4 g6 43. a6 b6 44. c4 Rf1 45. Kd3 Rd1+ 46. Kc3 Kf7 47.
d5 cxd5 48. cxd5 Rc1+ 49. Kd4 Ra1 50. Re2 Ra4+ 51. Ke5 Ke7 52. Rc2 Kd7 53. Rf2
Rxa6 54. Rf7+ Kd8 55. Ke6 b5+ 56. d6 Ke8 57. Rh7 Kf8 58. Rh8+ Kg7 59. Rb8 Ra1
60. d7 Re1+ 61. Kd6 Rd1+ 62. Kc7 Rc1+ 63. Kb7 Rd1 64. d8=Q Rxd8 65. Rxd8 b4 66.
Kxa7 Kf6 67. Rb8 1-0

[Event "SG Ennepe-Ruhr-Süd 1 - Godesberger SK 1"]
[Site "NRW-Klasse. Gruppe 2 2017/201"]
[Date "2018.03.11"]
[Round "7.6"]
[White "Bruchmann, Norbert"]
[Black "Ivanov, Alexander"]
[Result "1-0"]
[WhiteElo "2032"]
[BlackElo "1971"]
[PlyCount "73"]
[EventDate "2018.??.??"]
[WhiteTeam "SG Ennepe-Ruhr-Süd 1"]
[BlackTeam "Godesberger SK 1"]

1. e4 c5 2. Nc3 Nc6 3. f4 g6 4. Nf3 Bg7 5. Bb5 Nd4 6. O-O Nxb5 7. Nxb5 d5 8. e5
Bg4 9. d4 Qb6 10. a4 c4 11. h3 Bxf3 12. Rxf3 h5 13. b3 Rc8 14. Ba3 a6 15. Nc3
Qe6 16. Rb1 b6 17. a5 b5 18. Bc5 cxb3 19. cxb3 Nh6 20. b4 O-O 21. Qd3 Qd7 22.
Kh1 Rfe8 23. Rg1 Rc6 24. Nd1 Kh7 25. Ne3 f5 26. exf6 exf6 27. f5 g5 28. Qb3 Rd8
29. Bb6 Re8 30. Qxd5 Qxd5 31. Nxd5 Re2 32. Bc5 g4 33. Rf4 gxh3 34. gxh3 Nf7 35.
Rh4 Ng5 36. Rxh5+ Bh6 37. Nxf6+ 1-0

[Event "SG Ennepe-Ruhr-Süd 1 - Godesberger SK 1"]
[Site "NRW-Klasse. Gruppe 2 2017/201"]
[Date "2018.03.11"]
[Round "7.7"]
[White "Mittmann, Johannes"]
[Black "Schaefer, Martin"]
[Result "0-1"]
[WhiteElo "2037"]
[BlackElo "1929"]
[PlyCount "120"]
[EventDate "2018.??.??"]
[WhiteTeam "Godesberger SK 1"]
[BlackTeam "SG Ennepe-Ruhr-Süd 1"]

1. e4 c5 2. Nf3 Nc6 3. d4 cxd4 4. Nxd4 e5 5. Nb5 d6 6. N1c3 a6 7. Na3 b5 8. Nd5
Nge7 9. c4 Nxd5 10. cxd5 Ne7 11. Bd3 g6 12. O-O Bg7 13. Nc2 O-O 14. a4 bxa4 15.
Rxa4 a5 16. Bd2 Bd7 17. Ra3 f5 18. Bc3 fxe4 19. Bxe4 Qb6 20. Ne3 Bb5 21. Bd3
Qc5 22. Bxb5 Qxb5 23. Qa1 Bh6 24. Ng4 Bg5 25. Rd1 Qe2 26. f3 h5 27. Re1 Qc4 28.
Nf2 Nxd5 29. Ra4 Qc5 30. Rxa5 Rxa5 31. Qxa5 Qxa5 32. Bxa5 Kf7 33. Ne4 Be3+ 34.
Kf1 Ke6 35. Nc3 Bd4 36. Nxd5 Kxd5 37. Rd1 Kc4 38. Ke2 Ra8 39. b4 d5 40. Rc1+
Bc3 41. Rd1 Ra7 42. Rd3 d4 43. Rd1 Bxb4 44. Bxb4 Kxb4 45. f4 Ra2+ 46. Kf3 Ra3+
47. Kf2 Kc4 48. fxe5 Re3 49. Ra1 Rxe5 50. Ra4+ Kc3 51. Ra3+ Kb4 52. Ra8 d3 53.
Rd8 Kc3 54. Rc8+ Kd2 55. Ra8 Rf5+ 56. Kg1 Ke2 57. Re8+ Kd1 58. Ra8 d2 59. Ra6
g5 60. Rh6 Rc5 0-1

[Event "SG Ennepe-Ruhr-Süd 1 - Godesberger SK 1"]
[Site "NRW-Klasse. Gruppe 2 2017/201"]
[Date "2018.03.11"]
[Round "7.8"]
[White "Nasoyan, Maksim"]
[Black "Biedekoepper, Robert"]
[Result "0-1"]
[WhiteElo "1898"]
[BlackElo "2065"]
[PlyCount "32"]
[EventDate "2018.??.??"]
[WhiteTeam "SG Ennepe-Ruhr-Süd 1"]
[BlackTeam "Godesberger SK 1"]

1. Nf3 c5 2. e4 Nc6 3. Bb5 e6 4. Bxc6 bxc6 5. d3 d6 6. O-O g6 7. e5 d5 8. Be3
h5 9. Qc1 Nh6 10. Bg5 Qc7 11. Bf6 Rg8 12. Ng5 Ng4 13. Nh7 Nxe5 14. Nxf8 Ng4 15.
g3 Nxf6 16. Qg5 Qe7 0-1